000 01595nam a2200373 i 4500
001 137455
003 ES-MaACL
005 20250825062643.0
007 t|
008 070214s1966 sp af |||| | spa d
017 _aB 29122-1966
_bOficina Depósito Legal Barcelona
040 _cES-MaACL
080 _a741.5(460)"1931/36"
100 1 _aArco, Manuel del,
_d1909-1971
_eaut
_922504
245 1 0 _aAntes del 36 /
_cdel Arco ; [prólogo de Ramón Gómez de la Serna (1936) ; epílogo de Miguel Maura (1966)].
260 _aBarcelona :
_bAHR,
_c[1966]
300 _a262 páginas :
_bprincipalmente ilustraciones (blanco y negro) ;
_c26 cm.
490 1 _aE pur si muove
500 _aÍndice
585 _aExposición de caricaturas de Manuel del Arco en el Ateneo de Madrid, 5 de mayo de 1936 [Fuente: Ateneo, dictadura, República / Antonio Ruiz Salvador, 1977]
610 2 7 _aAteneo de Madrid-
_vExposiciones-
_y1930-1939.
_9139241
650 4 _aEspañoles-
_yS.XX-
_vCaricaturas y dibujos humorísticos.
_9190403
650 4 _aCaricatura-
_zEspaña.
_9145551
655 7 _2tgfbne
_9193628
_aCatálogos de exposiciones
655 7 _2tgfbne
_aLibros ilustrados
_9193653
700 1 _aGómez de la Serna, Ramón,
_d1888-1963
_eaui
_957901
700 1 _aMaura, Miguel,
_d1887-1971
_eaft
_979220
830 1 _aE pur si muove
_9220092
852 _aES-MaACL
_jG-5123
_cDEPO2
_xEncuadernación: tela
_9142417
852 4 _aES-MaACL
_jN-8206/Ej.1
_cDEPOJ
_zX-34
_zDuplicado
_xEncuadernación: tela
_9142416
942 _cMONOGRAFIA
_n0
999 _c137455
_d137455